Дело об ассигновании средств из хозяйственной суммы Харьковского университета на приобретение инструментов и приборов для акушер...

Доступно только в Электронных читальных залах Найти на картеНа карте
RUSMARC
00004227nmc2a2200000 x 450
001cedd1b6b-b5f0-44ba-83b1-1b026ace1d41
00520151215110104.0
100##$a20150817l18291832k l0rusy0189 ca
1010#$arus
102##$aRU
2001#$aДело об ассигновании средств из хозяйственной суммы Харьковского университета на приобретение инструментов и приборов для акушерского заведения при университете
$j18 ноября 1829 г. - 21 мая 1832 г.
251##$cДело
300##$aДело
300##$aОриг. заголовок дела: Дело по представлению господина попечителя Харьковского учебного округа об употреблении из хозяйственной университетской суммы 3000 рублей на разные предметы для акушерского заведения. 18 ноября 1829 г. - 26 ноября 1829 г
801#0$aRU
$bРГИА
$c20150817
$gRCR
801#1$aRU
$bГлавНИВЦ
$c20150817
$2rusmarc
801#2$aRU
$bПБ им. Б.Н. Ельцина
$c20151215
$gRCR
$2rusmarc
850##$aРГИА
852##$aРГИА
$eФедеральное казенное учреждение "Российский государственный исторический архив" (РГИА)
$j204
937##$hРГИА
$d12088176
$aASBIBLIO_SCAN
462#0$100110dcdccd-ec79-4ee8-a204-b9d031b41c04
$12001
$aМедицинские дела Департамента народного просвещения
$1251
$cОпись
$1852
$j99
461#0$1001a74412a3-3cc5-4d21-8f0a-dfe2fbd9e72d
$12001
$aДепартамент народного просвещения Министерства народного просвещения
$1251
$cФонд
$1852
$j733
215##$a71 л.
$d36,5х26 см
371##$aДокумент не является опубликованным и широко распространяемым
105##$ay###
1222#$ad
5171#$aДело по представлению господина попечителя Харьковского учебного округа об употреблении из хозяйственной университетской суммы 3000 рублей на разные предметы для акушерского заведения. 18 ноября 1829 г. - 26 ноября 1829 г
035##$acedd1b6b-b5f0-44ba-83b1-1b026ace1d41
Формат отображения